000 00972nas a2200313 4500
001 BR2016001867
003 BR-BrBNA
005 20231205130318.0
007 ta
008 230509b bl.|||p| |||| 00| 00por d
040 _aBR-BrBNA
_bpor
_cBiblioteca Nacional de Agricultura
041 _a(En)
072 _aL73
100 1 _aDonin, D.G.
100 1 _aLeme, R. de A.
100 1 _aAlfieri, A.F.
100 1 _aAlberton, G.C.
100 1 _aAlfieri, A.A.
245 1 _aMolecular survey of porcine teschovirus, porcine sapelovirus, and enterovirus G in captive wild boars (Sus scrofa scrofa)of Paraná state, Brazil
650 _aSUÍNO
650 _aJAVALI
650 _aANIMAL SELVAGEM
650 _aVÍRUS
650 _aINFECÇÃO
650 _aDOENÇA ANIMAL
773 0 _tPesquisa Veterinária Brasileira (Brazil)
_xISSN 0100-736X
_g(May 2015), v. 35(5) p. 403-408
_wBR2016001867
909 _a202311
_bLúcia
_c55
_dLúcia Elande
942 _2AGRIS
_n0
_cANA
999 _c248794
_d248794